Pink Floyd song by first line - Statistics

General Stats
  • This quiz has been taken 93 times
  • The average score is 11 of 15
Answer Stats
First Line Song % Correct
So, so you think you can tell Wish you were here
100%
Hello, hello is there anybody in there Comfortably numb
97%
We don't need no education Another brick in the wall
96%
Money, get away Money
95%
Hey you, out there in the cold Hey you
90%
Ticking away the moments that make up a dull day Time
90%
The lunatic is on the grass Brain damage
83%
Breathe, breathe in the air Breathe (In the air)
68%
Overhead the albatross hangs motionlessupon the air Echoes
67%
I am just a new boy Young Lust
65%
(Run x16) You'd better make your face up in your
favourite disguise
Run like hell
64%
Come in here dear boy Have a cigar
62%
You've got to be crazy Dogs
60%
Remember when you were young Shine on you Crazy Diamond parts 1-5
21%
Nobody knows where you are Shine on you crazy Diamond parts 6-9
15%
No matching quizzes found
Score Distribution
Percent of People with Each Score
Percentile by Number Answered
Your Score History
You have not taken this quiz